000 00866cab a2200241 4500
001 WB2932-39
008 090401t1993 xxu||||| |||| 00| 0 eng d
035 _a(Sirsi) u11651
041 _aeng
245 _aAngling licences
260 _c1993
350 _a0
490 _aCS Monthly : Rural Practice
_v3(1) September 1993, 2(1)
520 _aInstead of imposing charges on farmers and landowners who own fisheries or operate fishing rights, the NRA looks set to introduce a tiered rod licence structure. Charges to commercial netsmen and for requested works by angling clubs and owners, could rise by five times the current rates. 14,5
650 _aANGLING
650 _aFISHING RIGHTS
650 _aNATIONAL RIVERS AUTHORITY
650 _aRIPARIAN OWNERS
650 _aROD LICENCES
690 _aRURAL PRACTICE
942 _n0
948 _c04/03/1997
999 _c7435
_d7435